| 000 | 01060nam a22002297a 4500 | ||
|---|---|---|---|
| 001 | 1185 | ||
| 003 | BD-RjUL | ||
| 005 | 20211208233305.0 | ||
| 008 | 131124r19521940e oa||| |||| 000 0 eng d | ||
| 035 | _a(BD-RjUL)1207 | ||
| 040 |
_aBD-RjUL _beng _cBD-RjUL |
||
| 041 | _aeng | ||
| 082 |
_a190 _bIBE 1952 |
||
| 245 | 1 | 0 |
_aI believe / _cby W.H. Auden ... [et al.]. |
| 260 |
_aLondon : _bGeorge Allen & Unwin; _c1940 [impression 1952, 62]. |
||
| 300 |
_a390 p., [23] leaves of plates : _bports. ; _c22 cm. |
||
| 500 | _aContents : W.H. Auden -- Pearl Buck -- Stuart Chase -- Albert Einstein -- Havelock Ellis -- E.M. Forster -- J.B.S. Haldane -- Lancelot Hogben -- Julian Huxley -- Sir Arthur Keith -- Harold J. Laski -- Lin Yutang -- Emil Ludwig -- Thomas Mann -- Jacques Maritain -- Jules Romains -- Bertrand Russell -- John Strachey -- James Thurber -- Hendrik Willem Van Loon -- Beatrice Webb -- H.G. Wells -- Rebecca West. | ||
| 650 | 0 |
_aPhilosophy _v Modern. _93506 |
|
| 700 | 1 |
_a Auden, W. H. _93507 |
|
| 700 | 1 |
_a H G Wells; et al _93507 |
|
| 942 |
_2ddc _cBK |
||
| 999 |
_c1185 _d1185 |
||